Subject guide to books of the Operations Research Center, Branch-Library. (Record no. 47263)

MARC details
000 -LEADER
fixed length control field 00743cam a22002291 4500
001 - CONTROL NUMBER
control field ne 64001884
003 - CONTROL NUMBER IDENTIFIER
control field DLC
005 - DATE AND TIME OF LATEST TRANSACTION
control field 20260227111802.0
008 - FIXED-LENGTH DATA ELEMENTS--GENERAL INFORMATION
fixed length control field 830701s1963 ua bc 000 0 eng
010 ## - LIBRARY OF CONGRESS CONTROL NUMBER
LC control number ne 64001884
035 ## - SYSTEM CONTROL NUMBER
System control number (OCoLC)16762157
040 ## - CATALOGING SOURCE
Original cataloging agency DLC
Transcribing agency OrPS
Modifying agency DLC
042 ## - AUTHENTICATION CODE
Authentication code premarc
050 00 - LIBRARY OF CONGRESS CALL NUMBER
Classification number Z6651
Item number .C35
110 1# - MAIN ENTRY--CORPORATE NAME
Corporate name or jurisdiction name as entry element Cairo (Egypt).
Subordinate unit Ma'had al-Takhtit al-Qawmi.
-- Operations Research Center.
245 10 - TITLE STATEMENT
Title Subject guide to books of the Operations Research Center, Branch-Library.
260 ## - PUBLICATION, DISTRIBUTION, ETC.
Place of publication, distribution, etc. Cairo,
Date of publication, distribution, etc. 1963.
300 ## - PHYSICAL DESCRIPTION
Extent 385 p.
Dimensions 26 cm.
650 #0 - SUBJECT ADDED ENTRY--TOPICAL TERM
Topical term or geographic name entry element Mathematics
Form subdivision Bibliography
-- Catalogs.
650 #0 - SUBJECT ADDED ENTRY--TOPICAL TERM
Topical term or geographic name entry element Operations research
Form subdivision Bibliography
-- Catalogs.
710 1# - ADDED ENTRY--CORPORATE NAME
Corporate name or jurisdiction name as entry element Cairo (Egypt).
Subordinate unit Maʻhad al-Takhṭīṭ al-Qawmī.

No items available.

Powered by Koha